<?xml version="1.0" encoding="UTF-8"?>
<record
    xmlns:xsi="http://www.w3.org/2001/XMLSchema-instance"
    xsi:schemaLocation="http://www.loc.gov/MARC21/slim http://www.loc.gov/standards/marcxml/schema/MARC21slim.xsd"
    xmlns="http://www.loc.gov/MARC21/slim">

  <leader>03018cam a2200361 i 4500</leader>
  <controlfield tag="001">15421686</controlfield>
  <controlfield tag="003">EG-ScBUE</controlfield>
  <controlfield tag="005">20240522083515.0</controlfield>
  <controlfield tag="008">080821t2009    couab  f b    001 0 eng d</controlfield>
  <datafield tag="020" ind1=" " ind2=" ">
    <subfield code="a">9780813343747 (alk. paper)</subfield>
  </datafield>
  <datafield tag="020" ind1=" " ind2=" ">
    <subfield code="a">0813343747 (alk. paper)</subfield>
  </datafield>
  <datafield tag="035" ind1=" " ind2=" ">
    <subfield code="a">(OCoLC)ocn191926614</subfield>
  </datafield>
  <datafield tag="040" ind1=" " ind2=" ">
    <subfield code="a">DLC</subfield>
    <subfield code="b">eng</subfield>
    <subfield code="e">rda</subfield>
    <subfield code="c">DLC</subfield>
    <subfield code="d">YDX</subfield>
    <subfield code="d">BTCTA</subfield>
    <subfield code="d">BAKER</subfield>
    <subfield code="d">YDXCP</subfield>
    <subfield code="d">CDX</subfield>
    <subfield code="d">TSU</subfield>
    <subfield code="d">BWX</subfield>
    <subfield code="d">IK2</subfield>
    <subfield code="d">VP@</subfield>
    <subfield code="d">KAAUA</subfield>
    <subfield code="d">DLC</subfield>
    <subfield code="d">EG-ScBUE</subfield>
  </datafield>
  <datafield tag="043" ind1=" " ind2=" ">
    <subfield code="a">aw-----</subfield>
  </datafield>
  <datafield tag="082" ind1="0" ind2="4">
    <subfield code="a">956</subfield>
    <subfield code="2">22</subfield>
    <subfield code="b">CLE</subfield>
  </datafield>
  <datafield tag="100" ind1="1" ind2=" ">
    <subfield code="9">29167</subfield>
    <subfield code="a">Cleveland, William L.,</subfield>
    <subfield code="e">author.</subfield>
  </datafield>
  <datafield tag="245" ind1="1" ind2="2">
    <subfield code="a">A history of the modern Middle East /</subfield>
    <subfield code="c">William L. Cleveland, Late of Simon Fraser University, Martin Bunton, University of Victoria.</subfield>
  </datafield>
  <datafield tag="250" ind1=" " ind2=" ">
    <subfield code="a">Fourth edition.</subfield>
  </datafield>
  <datafield tag="264" ind1=" " ind2="1">
    <subfield code="a">Boulder, CO :</subfield>
    <subfield code="b">Westview Press,</subfield>
    <subfield code="c">[2009]</subfield>
  </datafield>
  <datafield tag="264" ind1=" " ind2="4">
    <subfield code="c">c2009</subfield>
  </datafield>
  <datafield tag="300" ind1=" " ind2=" ">
    <subfield code="a">xxi, 619 pages :</subfield>
    <subfield code="b">illustrations, maps ;</subfield>
    <subfield code="c">23 cm</subfield>
  </datafield>
  <datafield tag="336" ind1=" " ind2=" ">
    <subfield code="2">rdacontent</subfield>
    <subfield code="a">text</subfield>
    <subfield code="b">txt</subfield>
  </datafield>
  <datafield tag="337" ind1=" " ind2=" ">
    <subfield code="a">unmediated</subfield>
    <subfield code="2">rdamedia</subfield>
    <subfield code="b">n</subfield>
  </datafield>
  <datafield tag="338" ind1=" " ind2=" ">
    <subfield code="a">volume</subfield>
    <subfield code="b">nc</subfield>
    <subfield code="2">rdacarrier</subfield>
  </datafield>
  <datafield tag="504" ind1=" " ind2=" ">
    <subfield code="a">Includes bibliographical references and index.</subfield>
  </datafield>
  <datafield tag="505" ind1="0" ind2=" ">
    <subfield code="a">The rise and expansion of Islam -- The development of Islamic civilization to the fifteenth century -- The Ottoman and Safavid Empires : a new imperial synthesis -- Forging a new synthesis : the pattern of reforms, 1789-1849 -- The Ottoman Empire and Egypt during the era of the tanzimat -- Egypt and Iran in the late nineteenth century -- The response of Islamic society -- The era of the young Turks and the Iranian constitutionalists -- World war I and the end of the Ottoman order -- Authoritarian reform in Turkey and Iran -- The Arab struggle for independence : Egypt, Iraq, and Transjordan from the interwar era to 1945 -- The Arab struggle for independence : Syria, Lebanon, and Saudi Arabia from the interwar era to 1945 -- The Palestine mandate and the birth of the state of Israel --  Democracy and authoritarianism : Turkey and Iran -- The Middle East in the age of Nasser : the Egyptian base -- The Middle East in the age of Nasser : the radicalization of Arab politics -- Israel and the Palestinians from 1948 to the 1970s -- Changing patterns of war and peace : Egypt and Lebanon in the 1970s and 1980s -- The consolidation of authoritarian rule in Syria and Iraq : the regimes of Hafiz al-Asad and Saddam Husayn -- The Iranian revolution and the resurgence of Islam -- The Arabian Peninsula in the petroleum era -- Challenges to the existing order : the Palestinian uprising and the 1991 Gulf War -- A peace so near, a peace so far : Israeli-Palestinian relations since the Gulf War -- Patterns of continuity and change since the 1991 Gulf War -- America's troubled moment in the Middle East.</subfield>
  </datafield>
  <datafield tag="651" ind1=" " ind2="7">
    <subfield code="a">Middle East</subfield>
    <subfield code="x">History</subfield>
    <subfield code="y">1517-</subfield>
    <subfield code="2">BUEsh</subfield>
    <subfield code="9">29168</subfield>
  </datafield>
  <datafield tag="653" ind1=" " ind2=" ">
    <subfield code="c">March2012</subfield>
  </datafield>
  <datafield tag="655" ind1=" " ind2=" ">
    <subfield code="v">Reading book</subfield>
  </datafield>
  <datafield tag="700" ind1="1" ind2=" ">
    <subfield code="a">Bunton, Martin P.,</subfield>
    <subfield code="e">author.</subfield>
    <subfield code="9">29169</subfield>
  </datafield>
  <datafield tag="942" ind1=" " ind2=" ">
    <subfield code="2">ddc</subfield>
    <subfield code="c">BB</subfield>
  </datafield>
  <datafield tag="999" ind1=" " ind2=" ">
    <subfield code="c">16534</subfield>
    <subfield code="d">16534</subfield>
  </datafield>
  <datafield tag="952" ind1=" " ind2=" ">
    <subfield code="0">0</subfield>
    <subfield code="1">0</subfield>
    <subfield code="2">ddc</subfield>
    <subfield code="4">0</subfield>
    <subfield code="7">0</subfield>
    <subfield code="8">Baccah</subfield>
    <subfield code="a">MAIN</subfield>
    <subfield code="b">MAIN</subfield>
    <subfield code="c">2ND</subfield>
    <subfield code="d">2012-03-04</subfield>
    <subfield code="e">Purchase</subfield>
    <subfield code="l">0</subfield>
    <subfield code="o">956 CLE</subfield>
    <subfield code="p">000026270</subfield>
    <subfield code="r">2025-07-15 00:00:00</subfield>
    <subfield code="w">2012-03-04</subfield>
    <subfield code="y">NB</subfield>
  </datafield>
  <datafield tag="952" ind1=" " ind2=" ">
    <subfield code="0">0</subfield>
    <subfield code="1">0</subfield>
    <subfield code="2">ddc</subfield>
    <subfield code="4">0</subfield>
    <subfield code="7">0</subfield>
    <subfield code="8">Baccah</subfield>
    <subfield code="a">MAIN</subfield>
    <subfield code="b">MAIN</subfield>
    <subfield code="c">2ND</subfield>
    <subfield code="d">2012-03-04</subfield>
    <subfield code="e">Purchase</subfield>
    <subfield code="l">12</subfield>
    <subfield code="m">40</subfield>
    <subfield code="o">956 CLE</subfield>
    <subfield code="p">000026271</subfield>
    <subfield code="r">2025-07-15 00:00:00</subfield>
    <subfield code="s">2023-09-10</subfield>
    <subfield code="w">2012-03-04</subfield>
    <subfield code="y">BB</subfield>
  </datafield>
  <datafield tag="952" ind1=" " ind2=" ">
    <subfield code="0">0</subfield>
    <subfield code="1">0</subfield>
    <subfield code="2">ddc</subfield>
    <subfield code="4">0</subfield>
    <subfield code="7">0</subfield>
    <subfield code="8">Baccah</subfield>
    <subfield code="a">MAIN</subfield>
    <subfield code="b">MAIN</subfield>
    <subfield code="c">2ND</subfield>
    <subfield code="d">2012-03-04</subfield>
    <subfield code="e">Purchase</subfield>
    <subfield code="l">15</subfield>
    <subfield code="m">71</subfield>
    <subfield code="o">956 CLE</subfield>
    <subfield code="p">000026272</subfield>
    <subfield code="r">2025-07-15 00:00:00</subfield>
    <subfield code="s">2018-11-18</subfield>
    <subfield code="w">2012-03-04</subfield>
    <subfield code="y">BB</subfield>
  </datafield>
  <datafield tag="952" ind1=" " ind2=" ">
    <subfield code="0">0</subfield>
    <subfield code="1">0</subfield>
    <subfield code="2">ddc</subfield>
    <subfield code="4">0</subfield>
    <subfield code="7">0</subfield>
    <subfield code="8">Baccah</subfield>
    <subfield code="a">MAIN</subfield>
    <subfield code="b">MAIN</subfield>
    <subfield code="c">2ND</subfield>
    <subfield code="d">2012-03-04</subfield>
    <subfield code="e">Purchase</subfield>
    <subfield code="l">9</subfield>
    <subfield code="m">48</subfield>
    <subfield code="o">956 CLE</subfield>
    <subfield code="p">000026273</subfield>
    <subfield code="r">2025-07-15 00:00:00</subfield>
    <subfield code="s">2018-03-20</subfield>
    <subfield code="w">2012-03-04</subfield>
    <subfield code="y">BB</subfield>
  </datafield>
</record>
